000 00804nam a22002057a 4500
005 20111012111016.0
008 111012t xxu||||| |||| 00| 0 eng d
010 _aENG-103955
020 _c75.00
035 _aEN-87488
037 _bDBAD/PUB
040 _aDPL
_bEng
082 _a343.0750954
245 _aThe bureau of Indian standards act, 1986 (63 of 1986) with short notes
_heng
260 _aDelhi
_bUniversal Law Publishing
_c2010
270 _aC-FF-1A, Dilkhush Industrial Estate, (Opp. Hans Cinema, Azadpur) G.T. Karnal Road,
_bDelhi
_e110033
300 _avi,87,5p.
_c24cm (pbk)
942 _2ddc
_cEN
_h343.0750954
_mBUR
999 _c57565
_d57565